|
|
|
|
| LEADER |
00000nam0a2200000 4500 |
| 001 |
327069 |
| 005 |
20231102003926.0 |
| 035 |
|
|
|a (RuTPU)RU\TPU\book\352729
|
| 090 |
|
|
|a 327069
|
| 100 |
|
|
|a 20170125d1974 m y0rusy50 ca
|
| 101 |
0 |
|
|a rus
|
| 102 |
|
|
|a RU
|
| 105 |
|
|
|a y j 000zy
|
| 200 |
1 |
|
|a Политическая экономия. Социализм - первая фаза коммунистического способа производства
|f [учебное пособие]
|f под ред. П. В. Соколова
|
| 210 |
|
|
|a Москва
|c Воениздат
|d 1974
|
| 215 |
|
|
|a 480 с.
|
| 606 |
1 |
|
|a Социализм
|x Политэкономия
|2 stltpush
|3 (RuTPU)RU\TPU\subj\36937
|9 58131
|
| 610 |
1 |
|
|a политическая экономия
|
| 610 |
1 |
|
|a коммунизм
|
| 610 |
1 |
|
|a производство
|
| 610 |
1 |
|
|a социалистическая экономика
|
| 610 |
1 |
|
|a товарно-денежные отношения
|
| 610 |
1 |
|
|a накопление
|
| 610 |
1 |
|
|a потребление
|
| 610 |
1 |
|
|a хозрасчет
|
| 610 |
1 |
|
|a предприятия
|
| 610 |
1 |
|
|a прибыль
|
| 610 |
1 |
|
|a финансы
|
| 610 |
1 |
|
|a кредит
|
| 610 |
1 |
|
|a учебные пособия
|
| 686 |
|
|
|a У013.7я73
|v LBC/SL-A
|2 rubbk
|
| 702 |
|
1 |
|a Соколов
|b П. В.
|g Петр Васильевич
|4 340
|
| 801 |
|
1 |
|a RU
|b 63413507
|c 20170125
|
| 801 |
|
2 |
|a RU
|b 63413507
|c 20211210
|g RCR
|
| 942 |
|
|
|c BK
|